[Event "GER-chT U12 Girls"]
[Site "Magdeburg"]
[Date "2023.12.28"]
[Round "4.8"]
[White "Gelbach, Amelia"]
[Black "Trush, Diana"]
[Result "0-1"]
[WhiteElo "841"]
[BlackElo "980"]
[PlyCount "30"]
[EventDate "2023.12.26"]
[EventType "team-swiss"]
[EventRounds "7"]
[EventCountry "GER"]
[SourceTitle "CB03_2024"]
[SourceDate "2024.01.17"]
[SourceVersion "1"]
[SourceVersionDate "2024.01.17"]
[SourceQuality "1"]
[WhiteTeam "Porz SG II"]
[BlackTeam "Stuttgart Strateg"]
[WhiteTeamCountry "GER"]
[BlackTeamCountry "GER"]

1. e4 e5 2. Nf3 Nc6 3. Bc4 Be7 4. d4 exd4 5. Nxd4 Nf6 6. Nc3 0-0 7. 0-0 Nxe4 8. Nxe4 d5 9. Nxc6 bxc6 10. Re1 Be6 11. Ng5 dxc4 12. Nxe6 fxe6 13. Qxd8 Raxd8 14. Rxe6 Rd1+ 15. Re1 Rxe1# 0-1

[Event "GER-chT U12 Girls"]
[Site "Magdeburg"]
[Date "2023.12.27"]
[Round "2.9"]
[White "Gelbach, Amelia"]
[Black "Khachaturyan, Viktoria"]
[Result "0-1"]
[WhiteElo "841"]
[BlackElo "987"]
[PlyCount "36"]
[EventDate "2023.12.26"]
[EventType "team-swiss"]
[EventRounds "7"]
[EventCountry "GER"]
[SourceTitle "CB03_2024"]
[SourceDate "2024.01.17"]
[SourceVersion "1"]
[SourceVersionDate "2024.01.17"]
[SourceQuality "1"]
[WhiteTeam "Porz SG II"]
[BlackTeam "Karlsruhe SF"]
[WhiteTeamCountry "GER"]
[BlackTeamCountry "GER"]

1. e4 e5 2. Nf3 Nc6 3. Bc4 Bc5 4. c3 Nf6 5. d3 0-0 6. d4 exd4 7. cxd4 Bb4+ 8. Bd2 Bxd2+ 9. Nbxd2 d5 10. exd5 Nxd5 11. 0-0 Nf4 12. Re1 Nxd4 13. Nb3 Nxf3+ 14. Qxf3 Qg5 15. g3 Nh3+ 16. Kh1 Bg4 17. Qxb7 Rab8 18. Qxc7 Bf3# 0-1